| 000 | 01116nam a22003257a 4500 | ||
|---|---|---|---|
| 003 | CHAP | ||
| 005 | 20220329135447.0 | ||
| 008 | 971013s1981 r 00010 d | ||
| 010 | _a36860 | ||
| 011 | _a37832 | ||
| 035 | _a41952 | ||
| 040 | _cCHAP | ||
| 090 | _aTesis | ||
| 100 | 0 | 0 |
_aPantoja Castrellón, Jorge Ernesto. _985137 |
| 245 | _aEstudio de comercialización de los cítricos en el área de Montemorelos, N.L. | ||
| 260 |
_aMonterrey, N.L. : _bEl autor, _c1981 |
||
| 300 |
_a86 h. _b: grafs. |
||
| 502 | _aTesis (Ing. Agr. Administrador) -- ITESM. Div. de Ciencias Agropecuarias y Marítimas | ||
| 590 |
_aALEPH _b10 _c20130110 _lUCH01 _h1302 |
||
| 590 |
_aBATCH-UPD _b10 _c20130110 _lUCH01 _h0201 |
||
| 590 |
_aBATCH-UPD _b10 _c20130110 _lUCH01 _h2010 |
||
| 590 |
_aBATCH-UPD _b10 _c20130409 _lUCH01 _h2210 |
||
| 590 |
_aBATCH-UPD _b10 _c20130410 _lUCH01 _h1329 |
||
| 590 |
_aBATCH-UPD _b10 _c20130914 _lUCH01 _h0958 |
||
| 590 |
_aCONVERSION _b10 _c20130109 _lUCH01 _h1321 |
||
| 650 | 1 | 4 |
_aCítricos _xMercadeo _xNuevo León. _924452 |
| 901 | _aBK | ||
| 942 | _cTESIS | ||
| 949 |
_bBC _cTES _d-96422 _eTS1 _i41952 _si |
||
| 999 |
_c36860 _d36860 |
||